Temas actuales y tendencias en la ciencia política /
El autor menciona que primero presentará sus impresiones sobre tendencias en la ciencia política norteamericana. Después, hablará sobre cómo temas de investigación se pueden nutrir mutuamente, identificando posibles diálogos
Guardado en:
| Autor principal: | |
|---|---|
| Otros Autores: | |
| Formato: | Texto |
| Publicado: |
Quito:
FLACSO. Ecuador. Ministerio de Cultura
|
| Materias: | |
| Etiquetas: |
Agregar Etiqueta
Sin Etiquetas, Sea el primero en etiquetar este registro!
|
MARC
| LEADER | 00000 a a2200000 04500 | ||
|---|---|---|---|
| 001 | 39052 | ||
| 003 | |||
| 040 | |||
| 020 | |a 978-9978-67-188-7 | ||
| 090 | |a 0001 P115t | ||
| 100 | |a Pacheco, Simón | ||
| 245 | |a Temas actuales y tendencias en la ciencia política / |c Simón Pacheco | ||
| 260 | |a Quito: |b FLACSO. Ecuador. Ministerio de Cultura | ||
| 300 | |a 205 p. | ||
| 520 | |a El autor menciona que primero presentará sus impresiones sobre tendencias en la ciencia política norteamericana. Después, hablará sobre cómo temas de investigación se pueden nutrir mutuamente, identificando posibles diálogos | ||
| 650 | |a CIENCIA POLITICA | ||
| 650 | |a METODOLOGIA | ||
| 650 | |a INVESTIGACION | ||
| 650 | |a TEORIA | ||
| 650 | |a TRANSNACIONALISMO | ||
| 650 | |a POLITICA | ||
| 650 | |a AMERICA LATINA | ||
| 700 | |a comp. | ||
| 999 | |c 12595 |d 12595 | ||



